[Event "FIDE Chesscom Online Nations Cup"]
[Site "Online"]
[Date "2020.05.09"]
[Round "10"]
[White "Saduakassova, Dinara"]
[Black "Dzagnidze, Nana"]
[Result "1/2-1/2"]
[WhiteElo "2412"]
[BlackElo "2447"]
[Annotator "ChessBase"]
[PlyCount "72"]
[EventDate "2020.05.05"]
[EventType "team-tourn"]
[SourceTitle "playchess.com"]
[Source "ChessBase"]
[SourceQuality "1"]
[WhiteTeam "World"]
[BlackTeam "Europe"]
[BlackTeamCountry "GEO"]
[TimeControl "1500+10"]

1. e4 {[%emt 0:00:06]} c5 {[%emt 0:00:03]} 2. Nf3 {[%emt 0:00:02]} Nc6 {[%emt 0:00:10]} 3. d4 {[%emt 0:00:04]} cxd4 {[%emt 0:00:02]} 4. Nxd4 {[%emt 0:00:01]} e6 {[%emt 0:00:02]} 5. Nc3 {[%emt 0:00:02]} a6 {[%emt 0:00:05]} 6. Be2 {[%emt 0:00:16]} Qc7 {[%emt 0:00:04]} 7. O-O {[%emt 0:00:06]} Nf6 {[%emt 0:00:05]} 8. Be3 {[%emt 0:00:15]} Bd6 {[%emt 0:03:06]} 9. f4 {[%emt 0:02:22]} Nxd4 {[%emt 0:00:23]} 10. Qxd4 {[%emt 0:00:10]} e5 {[%emt 0:00:05]} 11. Qd2 {[%emt 0:02:05]} exf4 {[%emt 0:01:23]} 12. Bxf4 {[%emt 0:00:05]} Bxf4 {[%emt 0:00:03]} 13. Rxf4 {[%emt 0:00:15]} d6 {[%emt 0:01:04]} 14. Rd1 {[%emt 0:03:28]} Qc5+ {[%emt 0:00:04]} 15. Kf1 {[%emt 0:01:38]} Be6 {[%emt 0:02:19]} 16. Qxd6 {[%emt 0:00:13]} Qxd6 {[%emt 0:01:44]} 17. Rxd6 {[%emt 0:00:03]} Rc8 {[%emt 0:00:11]} 18. e5 {[%emt 0:03:27]} Nd7 {[%emt 0:00:12]} 19. Bg4 {[%emt 0:00:22]} Bxg4 {[%emt 0:00:59]} 20. Rxg4 {[%emt 0:00:03]} Nxe5 {[%emt 0:00:40]} 21. Rb4 {[%emt 0:02:11]} Nc4 {[%emt 0:03:42]} 22. Rd3 {[%emt 0:00:08]} b5 {[%emt 0:00:21]} 23. a4 {[%emt 0:00:33]} bxa4 {[%emt 0:00:40]} 24. Nd5 {[%emt 0:01:50]} Ne5 {[%emt 0:03:05]} 25. Re3 {[%emt 0:00:37]} f6 {[%emt 0:00:03]} 26. Rb7 {[%emt 0:00:26]} Rd8 {[%emt 0:00:14]} 27. Nc7+ {[%emt 0:01:54]} Kf7 {[%emt 0:00:12]} 28. Nxa6+ {[%emt 0:00:08]} Kg6 {[%emt 0:00:06]} 29. Nc5 {[%emt 0:01:10]} Rhe8 {[%emt 0:05:39]} 30. Rg3+ {[%emt 0:02:11]} Kf5 {[%emt 0:00:04]} 31. Nd3 {[%emt 0:00:23]} Nxd3 {[%emt 0:01:01]} 32. Rxd3 {[%emt 0:01:30]} g5 {[%emt 0:00:10]} 33. Rxd8 {[%emt 0:00:27]} Rxd8 {[%emt 0:00:02]} 34. Ke2 {[%emt 0:00:01]} h5 {[%emt 0:00:16]} 35. Rb5+ {[%emt 0:00:03]} Ke6 {[%emt 0:00:52]} 36. Rb4 {[%emt 0:00:08]} Ra8 {[%emt 0:00:04]} 1/2-1/2

[Event "FIDE Chesscom Online Nations Cup"]
[Site "Online"]
[Date "2020.05.09"]
[Round "10"]
[White "Krush, Irina"]
[Black "Ju, Wenjun"]
[Result "1/2-1/2"]
[WhiteElo "2392"]
[BlackElo "2610"]
[Annotator "TA"]
[PlyCount "70"]
[EventDate "2020.05.05"]
[EventType "team-tourn"]
[SourceTitle "playchess.com"]
[Source "ChessBase"]
[SourceQuality "1"]
[WhiteTeam "United States"]
[BlackTeam "China"]
[WhiteTeamCountry "USA"]
[BlackTeamCountry "CHN"]

{[%evp 26,70,25,14,39,14,85,83,69,75,170,178,172,0,0,0,0,0,27,27,15,28,107,0,0,-4,0,-8,0,0,0,0,0,-8,0,-23,-24,-22,-5,-35,-29,-33,0,-29,0,-14,0]} 1. d4 Nf6 2. c4 e6 3. Nc3 Bb4 4. e3 O-O 5. Bd3 d5 6. Nge2 c5 7. a3 Bxc3+ 8. bxc3 b6 9. cxd5 exd5 10. O-O Ba6 11. f3 Bxd3 12. Qxd3 Re8 13. Ng3 Nc6 14. Bb2 h5 {E49: Nimzo-Indian: Rubinstein: 5 Bd3 d5 6 a3 Bxc3+ 7 bxc3.} 15. Rae1 Rc8 (15... h4 $11 16. Nf5 h3) 16. e4 $1 $16 cxd4 {White is better.} 17. cxd4 {[#]} dxe4 $146 (17... g6 $16) ({Predecessor:} 17... h4 18. Nf5 g6 19. Nxh4 dxe4 20. fxe4 Ne5 21. Qg3 Nc4 22. Nxg6 Nxb2 23. Ne7+ Kf8 24. Nxc8 Qxd4+ {1-0 (30) Golovlev,N (2321)-Kurochkin,V (2152) Ilichevsk 2007}) 18. fxe4 $18 Ne5 19. Qb3 $2 (19. Qd1 $18 Nc4 20. Bc1) 19... Nc4 $11 20. d5 {Black must now prevent Bxf6.} Nxb2 21. Qxb2 Qd6 22. e5 Qc5+ 23. Kh1 $1 Nxd5 {[#]} (23... Ng4 $1 $11) 24. Nxh5 ({White must play} 24. Ne4 $1 $16 {[%cal Re4c5]} Qe7 25. Nd6 {[%mdl 64] Double Attack}) 24... Re6 25. Qe2 Rf8 ({Wrong is} 25... Qxa3 $2 {[#]} 26. Nxg7 $1 {[%mdl 512]} Rg6 27. Nf5 $18) 26. Qg4 {[%csl Gh5][%cal Rg4g7]} Rg6 27. Qf3 Rh6 28. Ng3 $40 {[%mdl 128] aiming for Nf5. White attacks.} Ne7 $1 29. Re4 Qc6 30. Qf2 Qe6 31. Re3 b5 32. Qe2 Qc4 33. Qf2 Qe6 34. Qe2 Qc4 35. Qf2 Qe6 {Accuracy: White = 81%, Black = 74%.} 1/2-1/2

[Event "FIDE Chesscom Online Nations Cup"]
[Site "Online"]
[Date "2020.05.10"]
[Round "11"]
[White "Ding, Liren"]
[Black "Nakamura, Hikaru"]
[Result "1/2-1/2"]
[WhiteElo "2836"]
[BlackElo "2829"]
[Annotator "TA"]
[PlyCount "76"]
[EventDate "2020.05.05"]
[EventType "k.o."]
[SourceTitle "playchess.com"]
[Source "ChessBase"]
[SourceQuality "1"]
[WhiteTeam "China"]
[BlackTeam "United States"]
[WhiteTeamCountry "CHN"]
[BlackTeamCountry "USA"]

{[%evp 12,76,14,16,28,11,10,10,12,0,4,0,0,0,-14,-18,0,0,16,0,0,-14,0,-11,-16,-16,0,-28,0,-15,-9,-12,0,-7,0,-4,-15,-31,-31,-45,-52,-38,0,0,0,0,5,6,5,5,6,8,8,0,0,-29,-16,-6,-15,-8,-11,-43,-39,-38,-36,-38,-21]} 1. e4 e5 2. Nf3 Nc6 3. Bc4 Bc5 4. c3 Nf6 5. d3 d6 6. O-O h6 7. Re1 O-O {C54: Giuoco Piano: 4 c3 Nf6, main lines with 5 d4 and 5 d3.} 8. Nbd2 a5 {8...Ne7 is the recent fashion. Played by Hikaru Nakamura in April 2020.} 9. Nf1 a4 {The position is equal.} 10. h3 Ra5 {[#]} 11. d4 $146 ({Predecessor:} 11. a3 Be6 12. Bxe6 fxe6 13. d4 Bb6 14. Ng3 Qe8 15. Nd2 d5 16. exd5 exd5 17. Nf3 {½-½ (84) Wang,H (2756)-Navara,D (2707) Jerusalem 2019}) 11... Bb6 12. b4 axb3 $1 13. Bxb3 Ra8 14. Ng3 Re8 15. Bb2 Bd7 16. Qc2 Nh7 17. Rad1 Ng5 18. Nxg5 Qxg5 19. Kh2 Na5 20. Bc1 Qg6 21. dxe5 Nxb3 22. axb3 Rxe5 23. f4 Rea5 24. f5 Qf6 25. Bb2 Ra2 26. Re2 Qe7 27. c4 {Threatening f6!} f6 28. Nh5 Be8 29. Nf4 c6 30. Qb1 {aiming for Bxf6!} R2a6 31. Rd3 {[%cal Bd1d3,Bd3g3,Bg3g6][%mdl 32]} Bf7 32. Rg3 Bc7 33. Ng6 Bxg6 34. Rxg6 {[#] Strongly threatening Bxf6.} d5+ 35. e5 $1 Ra2 {And now ...d4 would win.} ({Not} 35... fxe5 $2 36. f6 $18) (35... Bxe5+ 36. Bxe5 c5 37. Qd3 $18 (37. cxd5 fxe5 38. Re6 Qh4 $16)) 36. cxd5 cxd5 {Black is slightly better.} 37. Re3 Rxb2 {[%mdl 64] [#] Decoy} ({Avoid the trap} 37... Bxe5+ $2 38. Bxe5 Kf8 39. Bd4 $18) ({Inferior is} 37... fxe5 38. f6 $16) 38. Qxb2 Bxe5+ {Accuracy: White = 93%, Black = 93%.} 1/2-1/2

[Event "FIDE Chesscom Online Nations Cup"]
[Site "Online"]
[Date "2020.05.10"]
[Round "11"]
[White "Caruana, Fabiano"]
[Black "Wei, Yi"]
[Result "1-0"]
[WhiteElo "2773"]
[BlackElo "2752"]
[Annotator "TA"]
[PlyCount "85"]
[EventDate "2020.05.05"]
[EventType "k.o."]
[SourceTitle "playchess.com"]
[Source "ChessBase"]
[SourceQuality "1"]
[WhiteTeam "United States"]
[BlackTeam "China"]
[WhiteTeamCountry "USA"]
[BlackTeamCountry "CHN"]

{[%evp 10,85,45,46,45,43,52,33,40,19,33,42,46,36,45,54,56,47,58,62,83,86,74,66,122,122,121,97,81,100,133,104,124,84,78,87,80,31,34,31,33,27,27,27,27,27,34,39,33,34,29,34,81,-262,89,83,262,237,235,227,314,307,382,358,325,352,531,514,483,489,667,666,453,629,583,560,607,586]} 1. e4 d5 2. exd5 Qxd5 3. Nc3 Qd8 4. d4 g6 5. Bc4 Bg7 6. Nf3 Nf6 {is recently more successful than 6...Nh6. B01: Scandinavian Defence.} 7. O-O O-O 8. h3 Nc6 {White is slightly better.} 9. Bf4 $5 {[%mdl 4] [#] Leaves trodden paths.} b6 $146 ({Predecessor:} 9... a6 10. a4 b6 11. Ba2 Bb7 12. Qd2 e6 13. Rad1 Ne7 14. Ne5 Ned5 15. Nxd5 Bxd5 16. Bxd5 Qxd5 {0-1 (76) Mueller,A (1897)-Koepke,C (2134) Playchess.com INT 2020}) 10. d5 Na5 11. Be2 $36 {[%mdl 2048] Black is under pressure.} e6 (11... Bb7 $6 12. b4 $16) 12. dxe6 Bxe6 13. Qxd8 Raxd8 14. Bxc7 Rc8 15. Be5 Nc6 16. Bh2 Bf5 ({Black should try} 16... Na5 $14) 17. g4 $16 Be6 18. Rad1 Na5 19. Be5 Bc4 20. Rfe1 Rfe8 21. Nb5 Bxe2 22. Rxe2 Nc4 23. Nxa7 Nxe5 24. Rxe5 ({But not} 24. Nxe5 Rc7 $17) 24... Rxc2 25. g5 Rxe5 26. Nxe5 {Strongly threatening Rd8+.} Ne8 27. Nac6 {Threatens to win with Rd8.} Bxe5 28. Nxe5 Rxb2 $11 {[%mdl 4096] Endgame KRN-KRN} 29. Rd8 Kf8 30. Rd7 Re2 31. Rxf7+ Kg8 32. Re7 Re1+ $2 {[#]} (32... Ng7 $16 {might work better.}) 33. Kh2 $1 $18 Ng7 34. Nxg6 $1 Ra1 35. Ne5 Rxa2 {[#]} 36. Ng4 $1 Kf8 37. Rb7 Ne6 (37... Rb2 $142 38. h4 Rb4) 38. h4 {White is clearly winning.} Ra4 39. Kg3 Nd4 40. Nh6 Ne2+ 41. Kf3 Nd4+ 42. Kg4 Ne6+ 43. Kg3 {Accuracy: White = 89%, Black = 61%.} 1-0

[Event "FIDE Chesscom Online Nations Cup"]
[Site "Online"]
[Date "2020.05.10"]
[Round "11"]
[White "Yu, Yangyi"]
[Black "So, Wesley"]
[Result "1-0"]
[WhiteElo "2738"]
[BlackElo "2741"]
[Annotator "TA"]
[PlyCount "67"]
[EventDate "2020.05.05"]
[EventType "k.o."]
[SourceTitle "playchess.com"]
[Source "ChessBase"]
[SourceQuality "1"]
[WhiteTeam "China"]
[BlackTeam "United States"]
[WhiteTeamCountry "CHN"]
[BlackTeamCountry "USA"]

{[%evp 10,67,12,15,9,17,15,0,7,8,8,18,25,25,45,37,36,29,13,14,37,35,38,42,39,32,52,52,37,31,45,51,15,23,26,20,44,8,64,62,52,51,173,165,233,204,418,421,1593,1577,6666,3022,29986,29987,29988,29989,29989,29990,29990,29991]} 1. d4 Nf6 2. c4 e6 3. Nc3 Bb4 4. Nf3 d5 5. Qb3 c5 6. dxc5 Na6 {D38: Queen's Gambit Declined: Ragozin Defence (4 Nf3 Bb4).} 7. cxd5 $5 {[%mdl 4] Exploring less charted territory.} Nxd5 {[#]} 8. c6 $146 ({Predecessor:} 8. Bd2 Nxc5 9. Qc4 O-O 10. Rd1 Qa5 11. Nxd5 Bxd2+ 12. Nxd2 exd5 13. Qc3 Qxc3 14. bxc3 {0-1 (46) Grybas,G (2028)-Clemente Llamero,R (2157) Ohrid 2017}) 8... Qa5 {[%cal Rd5c3] The position is equal.} 9. Bd2 bxc6 10. g3 Nxc3 11. bxc3 Be7 12. Bg2 O-O 13. O-O e5 14. Qc2 Qc7 15. Qe4 f6 16. Qc4+ Kh8 17. Be3 Nb8 18. Rfd1 Ba6 19. Qe6 Bxe2 20. Rd2 $36 {[%mdl 2048] White has some pressure.} Ba6 21. Nh4 Bc8 22. Qc4 f5 23. Nf3 {[%mdl 1024] White has compensation.} h6 (23... Nd7 $11) 24. Rad1 $14 Kh7 25. h4 Rf6 {[#] This move loses the game for Black.} (25... Na6 $14) 26. Ng5+ $1 $18 hxg5 (26... Kh8 $142) 27. hxg5 Rg6 $2 {[#]} (27... Be6 {was worth a try.} 28. Qe2 Nd7 29. gxf6 Nxf6) 28. Bd5 $1 {[%cal Rd5f7][%mdl 512] And now Bf7 would win.} f4 (28... Rxg5 $142 29. Kg2 (29. Qh4+ Kg6 $16) 29... Rh5) (28... cxd5 29. Qxc7) 29. Be4 Bxg5 30. Rd6 {[%mdl 64] Pin} Bf6 31. Kg2 {White mates.} f3+ 32. Kxf3 Bg4+ {[#]} 33. Kg2 $1 {[%mdl 512]} Bxd1 34. Rxd1 {Accuracy: White = 95%, Black = 59%.} 1-0

[Event "FIDE Chesscom Online Nations Cup"]
[Site "Online"]
[Date "2020.05.10"]
[Round "11"]
[White "Krush, Irina"]
[Black "Hou, Yifan"]
[Result "1/2-1/2"]
[WhiteElo "2392"]
[BlackElo "2621"]
[Annotator "TA"]
[PlyCount "74"]
[EventDate "2020.05.05"]
[EventType "k.o."]
[SourceTitle "playchess.com"]
[Source "ChessBase"]
[SourceQuality "1"]
[WhiteTeam "United States"]
[BlackTeam "China"]
[WhiteTeamCountry "USA"]
[BlackTeamCountry "CHN"]

{[%evp 11,74,18,16,15,14,17,6,-8,1,-14,-15,-10,7,3,1,0,0,0,0,0,8,-10,-13,-31,-25,-20,0,-27,-19,-25,-9,-9,-3,-7,-7,-4,0,0,0,0,0,0,0,0,0,0,0,0,0,0,0,0,0,0,0,0,0,0,0,0,0,0,0,0,0]} 1. d4 e6 2. e4 d5 3. exd5 exd5 4. Nf3 Bd6 5. Bd3 Nc6 6. O-O Nge7 7. Re1 {C01: French: Exchange Variation.} O-O 8. c3 Bf5 9. Bg5 {[#] Bxf5 is the strong threat.} Qd7 10. Qc2 Bxd3 11. Qxd3 h6 12. Bh4 {[#]} Nf5 $146 ({Predecessor:} 12... Ng6) 13. Bg3 Nxg3 14. hxg3 Rae8 15. Nbd2 Nd8 16. Rxe8 (16. Ne5 {with more complications.} Bxe5 17. dxe5 Ne6 18. b4 b6 19. f4) 16... Rxe8 17. Re1 Rxe1+ 18. Nxe1 Qa4 19. Qb1 Ne6 20. Ndf3 c5 {[%cal Rc5d4]} 21. Nc2 {The position is equal.} Qb5 22. dxc5 Bxc5 23. Ncd4 Bxd4 (23... Nxd4 {feels hotter.} 24. Nxd4 Qb6 25. Qc2 Bxd4 26. cxd4 g6) 24. Nxd4 Nxd4 25. cxd4 $11 {[%mdl 4096] Endgame KQ-KQ} Qc4 26. Qf5 g6 27. Qe5 Qc1+ 28. Kh2 Qxb2 29. Qxd5 Qxf2 30. Qd8+ Kg7 31. d5 $1 Qb6 32. Qe7 Qb5 33. d6 Qh5+ 34. Kg1 {[#] aiming for d7.} Qc5+ 35. Kh2 Qh5+ 36. Kg1 {Strongly threatening d7.} Qc5+ 37. Kh2 Qh5+ {An uneventful encounter. Accuracy: White = 96%, Black = 100%.} 1/2-1/2